000 01224cam a22003374a 4500
001 16582824
005 20170105102847.0
008 101217s2010 enk b 001 0 eng c
010 _a 2010284218
015 _aGBB053437
_2bnb
016 7 _a015535985
_2Uk
020 _a9781848853812 (hbk.)
020 _a1848853815 (hbk.)
035 _a(OCoLC)ocn619938742
040 _aUKM
_cPUL
_dUKM
_dBWK
_dCDX
_dBWX
_dYDXCP
_dDLC
042 _apcc
050 0 0 _aJN1129.L32
_bH45 2010
082 _a324.24107
100 1 _aHeppell, Timothy.
245 1 0 _aChoosing the Labour leader :
_bLabour Party leadership elections from Wilson to Brown /
_cTimothy Heppell.
260 _aLondon ;
_aNew York :
_bTauris Academic Studies,
_c2010.
300 _axiv, 248 p. ;
_c23 cm.
490 0 _aInternational library of political studies ;
_vv. 48
504 _aIncludes bibliographical references and index.
610 2 0 _aLabour Party (Great Britain)
_xElections.
650 0 _aPolitical leadership
_zGreat Britain.
651 0 _aGreat Britain
_xPolitics and government
_y20th century.
906 _a7
_bcbc
_cpccadap
_d2
_encip
_f20
_gy-gencatlg
942 _2ddc
_cBK
999 _c14125
_d14125